| 000 | 00571nam a22002052 4500 | ||
|---|---|---|---|
| 001 | 0000000732 | ||
| 005 | 20151217151755.0 | ||
| 008 | 070216s xx 000 0 eng d | ||
| 020 |
_a0006279430 : _cKES 770 |
||
| 040 |
_aKABU _cKABU |
||
| 050 | 0 |
_aBX1378.5 _b.W35 |
|
| 100 | 1 |
_aWalsh, Michael. _@0000148909 |
|
| 245 | 1 | 0 |
_aJohn Paul II / _cMichael Walsh. |
| 260 |
_aLondon : _bHarper Collins, _c1994. |
||
| 300 | _aix, 310 p. | ||
| 600 | 1 | 0 |
_aJohn Paul II, Pope. _@0000149012 |
| 908 | _a070216 | ||
| 950 | _@1 | ||
| 999 |
_c4879 _d4879 |
||